000 00414cam a22001217a 4500
008 180718b1973 xxu||||| |||| 00| 0 eng d
082 _aPx54 In2in
100 _aDeleon, Asher
245 _aInformal education: why, where and how it could be implemented
_cby Asher Deleon
260 _aNew Delhi
_bThe Manager, Governement of India
_c1973
300 _a25p.
700 _aIndia. Ministry of Education and Social Welfare
999 _c494332
_d494332